000 00649cam a2200229 4500500
005 20260405001903.0
041 _afre
042 _adc
100 1 0 _aWebb, Samuel
_eauthor
245 0 0 _aHypnose. Entrer dans la transe
260 _c2014.
500 _a6
690 _aCharcot
690 _aErickson
690 _aHypnose
690 _aLâcher prise
690 _aPsychanalyse
690 _aPsychothérapie
690 _aRoustang
786 0 _nPhilosophie magazine | 85 | 12-1 | 2014-12-01 | p. 18-18 | 1951-1787
856 4 1 _uhttps://shs.cairn.info/magazine-philosophie-magazine-2014-12-1-page-18?lang=fr&redirect-ssocas=7080
999 _c2052008
_d2052008